| 000 | 00850nam a22002657a 4500 | ||
|---|---|---|---|
| 003 | 0 | ||
| 005 | 20180730151137.0 | ||
| 008 | 0 | ||
| 010 | _aB-157282 | ||
| 020 |
_c00.00 _a0070587760 |
||
| 035 | _aB-157282, B-157288 | ||
| 037 | _bCen Lib/Ret | ||
| 040 |
_aDPL _bEN _c0 |
||
| 082 |
_a005.7565 _bGAR |
||
| 100 |
_aGarmany, John _938364 |
||
| 245 |
_aOracle application server 10g administration handbook / _cby John Garmany [and] Donald K.Burleson |
||
| 260 |
_aNew Delhi _bTata McGraw-Hill Publishing Company _c2005 |
||
| 270 |
_bNew Delhi _a7 West Patel Nagar _e110008 |
||
| 300 |
_axiv, 382p. _c23cm(pbk) |
||
| 500 | _aIncludes index | ||
| 650 |
_aApplication software -- Development. _936689 |
||
| 650 |
_aOracle (Computer file) _9104329 |
||
| 700 |
_aBurleson, Donald K. _9101332 |
||
| 942 |
_2ddc _cEN _h005.7565 _mGAR |
||
| 999 |
_c136069 _d136069 |
||